Los fundamentos históricos-espirituales del Parlamentarismo en su situación actual y la polémica con Thoma sobre el significado de la Democracia

Uloženo v:
Podrobná bibliografie
Hlavní autor: Schmitt, Carl, 1888-1985
Médium: Neznámo
Jazyk:angličtina
španělština
Vydáno: Madrid Tecnos 2018
Vydání:Segunda edición
Témata:
Tagy: Přidat tag
Žádné tagy, Buďte první, kdo vytvoří štítek k tomuto záznamu!

MARC

LEADER 00000 a2200000 4500
003 CL-VaPUC
005 20250327113713.0
008 191230b ||||| |||| 00| 0 eng d
999 |c 375998  |d 375996 
020 |a 9788430973965 
040 |c Pontificia Universidad Católica de Valparaíso 
041 0 |a spa 
082 |a 321.8043 SCH 2018 
100 |a Schmitt, Carl,  |d 1888-1985  |9 258380 
245 1 4 |a Los fundamentos históricos-espirituales del Parlamentarismo en su situación actual y la polémica con Thoma sobre el significado de la Democracia 
250 |a Segunda edición 
260 |b Tecnos  |c 2018  |a Madrid 
300 |a 367 p 
505 0 |a I: cronología. II: textos de Hugo Preuss. ¿Estado democrático (Volksstaat ) o estado autoritario invertido (Verkehrter Obrigkeitsstaat)? (1918). III: textos de Richard Thoma en el momento constituyente. IV: Carl Schmitt. V: Richard Thoma. Sobre la ideología del Parlamentarismo (1925). VI: Richard Thoma: el Reich como democracia (1929). 
583 |k Hugo Gaete  |c 20191230 
650 0 0 |a Parlamentarismo  |9 315379 
650 0 0 |a Democracia  |9 255256 
650 0 0 |a Poder legislativo  |9 258808 
942 |2 ddc  |c BK 
952 |0 0  |1 0  |2 ddc  |4 0  |6 321_804300000000000_SCH_2018  |7 0  |9 495188  |a BIBDER  |b BIBDER  |d 2019-12-26  |e 36  |g 12992.00  |i 5570948  |o 321.8043 SCH 2018  |p 5570948  |r 2023-01-25  |t 1  |v 12992.00  |w 2019-12-26  |y BK  |k DER